| 000 | 00947nam a22002417a 4500 | ||
|---|---|---|---|
| 999 |
_c16913 _d16913 |
||
| 003 | AR-CdUCM | ||
| 008 | 190506b ||||| |||| 00| 0 spa d | ||
| 040 |
_aMUNICIPALIDAD PROVINCIAL DEL CUSCO _cBIBLIOTECA MUNICIPAL DEL CUSCO |
||
| 041 | _heng | ||
| 082 |
_a510 / _bD75 |
||
| 100 |
_aDienes, Zoltan P. _936658 |
||
| 245 | _aLa potencia de la matemática / | ||
| 260 |
_aBuenos Aires : _bAngel Estrada y CIA, _c1971. |
||
| 300 |
_aXXI, 186 páginas ; _c20 cm. |
||
| 440 |
_aBiblioteca de Ciencias de la Educación. _98526 |
||
| 505 | _aContenido: Como se aprende la matemática -- el estudio de potencias, raíces y logaritmos -- El juego matemático -- El relato matemático -- La potencia del simbolismo matemático ... | ||
| 650 |
_aMatemáticas _99398 |
||
| 650 |
_aEducación _9460 |
||
| 650 |
_aAritmética _919777 |
||
| 700 |
_aVerdaguer de Banfi, Cristina (traducción) _936659 |
||
| 942 |
_2ddc _cLIBROS |
||
| 945 |
_aachl _d2019-05-06 |
||